[Event "San Francisco cat 3rd"]
[Site "San Francisco"]
[Date "2000.07.16"]
[Round "3"]
[White "Jaime, Mauricio"]
[Black "Rodriguez, Ivana"]
[Result "1-0"]
[WhiteElo "610"]
[BlackElo "617"]
[PlyCount "41"]
[EventDate "2000.07.15"]
[EventType "swiss"]
[EventRounds "6"]
[EventCountry "ARG"]
[SourceTitle "EXT 2005"]
[Source "ChessBase"]
[SourceDate "2004.11.15"]
[SourceVersion "1"]
[SourceVersionDate "2004.11.15"]
[SourceQuality "1"]

1. e4 d5 2. exd5 Qxd5 3. Nc3 Qa5 4. d4 c6 5. Bf4 Nf6 6. Bc4 b5 7. Bb3 Bb7 8. Nf3 e6 9. a3 Nbd7 10. 0-0 Be7 11. Re1 b4 12. Ne4 Qf5 13. Nd6+ Bxd6 14. Bxd6 bxa3 15. Rxa3 Ne4 16. Bb4 Ng5 17. Re3 Nf6 18. Ra5 Qg4 19. Nxg5 Qxg5 20. Rxg5 0-0-0 21. Rxg7 1-0